000 00729nam a2200205 i 4500
001 146808
003 ES-MaACL
005 20230906201658.0
007 t|
008 070917s1963 sp ||||1| spa d
080 _a84.09"18/19"
100 1 _aTruc, Gonzague.
_9111537
245 1 0 _aHistoria de la literatura católica contemporánea (de lengua francesa) /
_cGonzague Truc ; versión española de Enrique Alvarado.
260 _aMadrid :
_bGredos,
_c[1963]
300 _a418 p. ;
_c24 cm.
650 4 _aLiteratura religiosa francesa-
_xHistoria y crítica.
_9164231
650 4 _aLiteratura religiosa francesa-
_xHistoria y crítica.
_9164231
700 1 _aAlvarado, Enrique.
_920589
852 _aES-MaACL
_jC-23681
_bR.52403
999 _c146808
_d146808